|
|
|
|
| LEADER |
00000nam a2200000 4500 |
| 001 |
vtls012125245 |
| 003 |
SK-MaSNL |
| 005 |
20260301104649.0 |
| 008 |
220228s2021 xo o g 000 0 slo |
| 020 |
|
|
|q (brožované)
|
| 040 |
|
|
|a SNK
|b slo
|c SNK
|e rda
|
| 041 |
0 |
|
|a slo
|
| 043 |
|
|
|a e-xo---
|
| 044 |
|
|
|a xo
|c SK
|
| 072 |
|
7 |
|a 94(437.6)
|x Dejiny Slovenska
|2 konspekt
|
| 072 |
|
7 |
|a 394
|x Verejný a spoločenský život. Každodenný život
|2 konspekt
|
| 080 |
|
|
|a 394.46
|2 2011
|
| 080 |
|
|
|a (437.641)
|2 2011
|
| 080 |
|
|
|a 911.373(091)
|2 2011
|
| 080 |
|
|
|a (082.2)
|2 2011
|
| 080 |
|
|
|a (084.11)
|2 2011
|
| 080 |
|
|
|a (083.97)
|2 2011
|
| 245 |
0 |
0 |
|a Liptovská Lúžna
|b oslavy 350. výročia založenia obce, 6.-7. august 2021
|
| 264 |
|
1 |
|a [Miesto vydania nie je známe]
|b [vydavateľ nie je známy]
|c [2021]
|
| 300 |
|
|
|a 34 strán
|b farebné fotografie
|c 30 cm
|
| 336 |
|
|
|a text
|b txt
|2 rdacontent
|
| 336 |
|
|
|a statický obraz
|b sti
|2 rdacontent
|
| 337 |
|
|
|a bez média
|b n
|2 rdamedia
|
| 338 |
|
|
|a zväzok
|b nc
|2 rdacarrier
|
| 500 |
|
|
|a Názov z obálky
|
| 648 |
|
7 |
|a 1670-2020
|2 SNKPH
|9 443760
|
| 650 |
0 |
7 |
|a jubilejné oslavy
|2 SNKPH
|9 101434
|
| 650 |
0 |
7 |
|a dejiny obcí
|2 SNKPH
|9 164834
|
| 650 |
0 |
7 |
|a Anniversary celebrations
|2 SNKPHeng
|9 340932
|
| 650 |
0 |
7 |
|a History of municipalities
|2 SNKPHeng
|9 302507
|
| 651 |
|
7 |
|a Liptovská Lúžna (Slovensko)
|2 SNKPH
|9 14558
|
| 651 |
|
7 |
|a Liptovská Lúžna (Slovakia)
|2 SNKPHeng
|9 443761
|
| 655 |
|
7 |
|a jubilejné publikácie
|2 SNKPH
|9 70339
|
| 655 |
|
7 |
|a obrazové publikácie
|2 SNKPH
|9 70343
|
| 655 |
|
7 |
|a programy
|2 SNKPH
|9 70598
|
| 655 |
|
7 |
|a Jubilee books
|2 SNKPHeng
|9 281827
|
| 655 |
|
7 |
|a Pictorial works
|2 SNKPHeng
|9 284468
|
| 655 |
|
7 |
|a Programs
|2 SNKPHeng
|9 330885
|
| 999 |
|
|
|c 698778
|d 700708
|
| 952 |
|
|
|a SNK
|b SNK
|y PREZ
|7 0
|p 17A1479453
|o snkOSB 20527
|i snk2022/3051
|8 0
|0 0
|1 0
|4 0
|d 2022-02-28
|l 0
|r 2026-02-23 20:49:48
|w 2026-02-23
|